| 000 | 00929nam a2200229 i 4500 | ||
|---|---|---|---|
| 001 | 123620 | ||
| 003 | ES-MaACL | ||
| 005 | 20250907063106.0 | ||
| 007 | t| | ||
| 008 | 070214s1911 sp r ||||1| spa d | ||
| 080 | _a351.813.12(460) | ||
| 100 | 1 |
_aRahola y Trémols, Federico, _d1858-1919 _995016 |
|
| 245 | 1 | 3 |
_aEl tráfico en los puertos : _boperaciones de carga y descarga, régimen de las sociedades obreras y patronales, inmigración obrera, arbitrajes e intervención del Estado / _cFederico Rahola. |
| 260 |
_aBarcelona : _bMercurio, _c1911. |
||
| 300 |
_a15 p. ; _c25 cm. |
||
| 594 | _aPonencia del tema 5º presentado en la Asamblea Marítima de Levante, reunida en Castellón. | ||
| 595 | _aTirada aparte de "Mercurio" | ||
| 650 | 4 |
_aPuertos- _xDerecho- _zEspaña. _9156853 |
|
| 710 | 2 |
_aAsamblea Marítima de Levante (Castellón) _9173471 |
|
| 852 |
_aES-MaACL _jT-1245-F-4 |
||
| 999 |
_c123620 _d123620 |
||